000 00998cam a2200337 a 4500
001 5182287
005 20151104090710.0
008 020716s2002 enka b 001 0 eng
010 _a 2002068174
020 _a0415280133 (hbk.)
020 _a0415280141 (pbk.)
035 _a(OCoLC)50227305
035 _a(OCoLC)ocm50227305
035 _a(DLC) 2002068174
035 _a(NNC)5182287
040 _aDLC
_cDLC
_dDLC
050 0 0 _aPN241
_b.B265 2002
082 0 0 _a418/.02
_221
100 1 _aBassnett, Susan.
_920849
245 1 0 _aTranslation studies /
_cSusan Bassnett.
250 _a3rd ed.
260 _aLondon ;
_aNew York :
_bRoutledge,
_c2002.
300 _a176 p. :
_bill. ;
_c21 cm.
490 1 _aNew accents
504 _aIncludes bibliographical references (p. [146]-164) and index.
650 0 _aTranslating and interpreting.
_920850
830 0 _aNew accents (Routledge (Firm))
_919391
942 _2lcc
_cMONOGRAPH
948 2 _a20060414
_ba
_cdc21
_dMPS
999 _c123714
_d123714